|
|
|
|
| LEADER |
00000nab#a22000007a#4500 |
| 001 |
arbauad042626 |
| 003 |
AR-BaUAD |
| 005 |
20250711113321.0 |
| 008 |
000214|||||||||###||||||b###|0###a|spa|| |
| 040 |
|
|
|a AR-BaUAD
|c AR-BaUAD
|b spa
|
| 100 |
|
|
|a Breuer, Irene
|
| 245 |
|
|
|a Tratadística e impunidad /
|c Irene Breuer;
|
| 300 |
0 |
|
|b cortes, plantas, vistas,
|
| 653 |
|
|
|a ESPAÑA
|
| 653 |
|
|
|a LIBROS
|
| 653 |
|
|
|a ABALOS-HERREROS
|
| 653 |
|
|
|a ABALOS, IÑAKI
|
| 653 |
|
|
|a HERREROS, JUAN
|
| 773 |
0 |
|
|t SUMMA+
|g no. 40 [dic. 1999-ene. 2000], p. 168-169
|
| 942 |
|
|
|c ARTI
|
| 952 |
|
|
|0 0
|1 0
|4 0
|7 0
|9 87545
|a AR-BAuAD
|b AR-BAuAD
|d 2025-07-11
|l 0
|p AAQA042626
|r 2025-07-11 11:33:21
|w 2025-07-11
|y ARTI
|
| 990 |
|
|
|a AQ199
|b TD
|
| 998 |
|
|
|a AAQ
|b BIBUN76
|
| 999 |
|
|
|c 67218
|d 67218
|